| 000 | 00815nam a22002177a 4500 | ||
|---|---|---|---|
| 999 |
_c19838 _d19838 |
||
| 003 | AR-CdUCM | ||
| 008 | 190517b ||||| |||| 00| 0 spa d | ||
| 040 |
_aMUNICIPALIDAD PROVINCIAL DEL CUSCO _cBIBLIOTECA MUNICIPAL DEL CUSCO |
||
| 082 |
_a636.5089 / _bB48 |
||
| 100 |
_aBeister, H. E. _941474 |
||
| 245 | _aEnfermedades de las aves / | ||
| 260 |
_aBarcelona : _bHispano americana, _c1964. |
||
| 300 |
_a1113 paginas ; _bIlustraciones, _c25 cm. |
||
| 505 | _aContenido : Genética de las aves domésticas en relación con la patologia -- Hematologica de las aves -- Fundamentos de la medicina preventiva... | ||
| 650 |
_aAnatomía de las aves _940789 |
||
| 650 |
_aClases de enfermedades _940791 |
||
| 650 |
_aParásitos internos _940792 |
||
| 650 |
_aDigestión _941475 |
||
| 942 |
_2ddc _cLIBROS |
||
| 945 | _arcc | ||